Aktuálny stav procesu prijímania návrhu novej regulácie CRD IV/CRR

Hospodárska a dlhová kríza nastolila otázky, ktoré súvisia s obsahom a rozsahom regulácie bankovníctva, keďže sa objavila vo finančnom sektore krátko po implementácii konceptu Bazilej II. Ozývajú sa hlasy, že práve väčšia miera regulácie mala podiel na jej vzniku alebo založila predpoklady na jej vz...

Description complète

Enregistré dans:
Détails bibliographiques
Auteur principal: Krčmár, Matej
Format: Chapitre de livre
Langue:slovaque
Sujets:
Tags: Ajouter un tag
Pas de tags, Soyez le premier à ajouter un tag!

MARC

LEADER 00000naa a2200000 4500
001 0161739
005 20231116091702.9
041 0 |a slo 
044 |a SK 
245 1 0 |a Aktuálny stav procesu prijímania návrhu novej regulácie CRD IV/CRR  |c Matej Krčmár 
520 |a Hospodárska a dlhová kríza nastolila otázky, ktoré súvisia s obsahom a rozsahom regulácie bankovníctva, keďže sa objavila vo finančnom sektore krátko po implementácii konceptu Bazilej II. Ozývajú sa hlasy, že práve väčšia miera regulácie mala podiel na jej vzniku alebo založila predpoklady na jej vznik. Odpovede na tieto otázky má, resp. mala priniesť nová regulácia finančného systému známa ako Bazilej III. 
610 2 0 |a právo európske 
610 2 0 |a Európska centrálna banka 
610 2 0 |a inštitúcie finančné 
610 2 0 |a dohľad nad finančným trhom 
100 1 |a Krčmár, Matej